000 00861nas a2200277 4500
001 BR0100585
003 BR-BrBNA
005 20231205102045.0
007 ta
008 230509b bl.|||p| |||| 00| 00por d
040 _aBR-BrBNA
_bpor
_cBiblioteca Nacional de Agricultura
041 _a(Pt)
072 _aL70
100 1 _aMuzzi, R.A.L.
100 1 _aArujo, R.B. de
100 1 _aMuzzi, L.A.L.
100 1 _aPena, J.L.B.
245 1 _aEcocardiografia modo M em caes normais da raca Pastor Alemao (origem americana)de canil da politica militar do Estado de Minas Gerais, Brasil
650 _aCao
650 _aPastor Alemao
650 _aCoracao
650 _aMinas Gerais
773 0 _tCiencia Rural (Brazil)
_xISSN 0103-8478
_g(Sep-Oct 2000), v. 30(5) p. 819-824
_wBR0100585
909 _a202311
_bLúcia
_c55
_dLúcia Elande
942 _2AGRIS
_n0
_cANA
999 _c165498
_d165498